| 000 | 01567nam a2200241Ia 4500 | ||
|---|---|---|---|
| 999 |
_c51002 _d51002 |
||
| 001 | 17959 | ||
| 003 | GE_BSU | ||
| 005 | 20200302114500.0 | ||
| 008 | 181216s1966 xx |||||||||||||| ||geo|| | ||
| 040 | _cGE_BSU | ||
| 041 | _ageo | ||
| 080 | _a811.353.1 + 811.351.34 მ-59 | ||
| 245 |
_aმეტყველების ანალიზისა და სინთეზის საკითხები : _bქართულ, წახურულ და უდურ ენების მაგალითზე. კრებული / _cრედ. შ. გაფრინდაშვილი. |
||
| 264 |
_aთბილისი : _bმეცნიერება, _c1966. |
||
| 300 |
_a148 გვ. : _bილ. ; _c25 სმ. |
||
| 504 | _aბიბლიოგრ. ყოველი სტატიის შემდეგ | ||
| 546 | _aპარალ. თავფურ. რუს ენ.- ქართული სტატიების რეზ. რუს. ენ..ტექსტის მცირე ნაწ. რუს. ენაზე. | ||
| 653 | _aმეტყველების ანალიზისა და სინთეზის საკითხები | ||
| 653 | _aქართულ, წახურულ და უდურ ენების მაგალითზე. კრებული | ||
| 653 | _aქართული ენა; დაღესტნური ენები | ||
| 700 |
_aგაფრინდაშვილი, შ _eრედაქტორი _97672 |
||
| 942 |
_cBK _2udc |
||